000 00893nam a22002777a 4500
003 CHAP
005 20220329141055.0
008 971013s1996 r 00010 d
010 _a62216
011 _a63188
035 _a67364
040 _cCHAP
090 _aFolleto 14131 (1996)
110 _aComisión Nacional de los Salarios Mínimos. México
_925798
245 _aSalarios mínimos vigentes a partir del 1o. de enero de 1996
260 _aMéxico, D.F. :
_bLa Comisión,
_c1996
300 _aHoja desplegable
590 _aBATCH-UPD
_b10
_c20130110
_lUCH01
_h2207
590 _aBATCH-UPD
_b10
_c20130410
_lUCH01
_h1512
590 _aBATCH-UPD
_b10
_c20130914
_lUCH01
_h2012
590 _aCONVERSION
_b10
_c20130109
_lUCH01
_h1333
650 1 4 _aSalarios mínimos
_xMéxico.
_9101283
901 _aBK
942 _cFOLL
949 _aFolleto 14131 (1996)
_bBC
_cFOLL
_d-152539
_eTS1
_i67364
_sb
999 _c62216
_d62216